LEADER 01331nam a2200313 u 4500 001 000000013323 003 CaOOAMICUS 005 20070226105635.0 008 940713s1934 it u000 u ita u 035 $a10319260 040 $aPUL(R)$bita 100 1 $aCarrelli, Edoardo,$d1908-1943.$0(OLS)http://pul/name/12576 245 12$aL'acquisto della proprietà per "litis aestimatio" nel processo civile romano. 260 $aMilano :$bA. Giuffrè,$c[1934] 300 $a135 p. ;$c24 cm 490 1 $aFondazione Guglielmo Castelli ;$v9 500 $a"Indice delle fonti": p. [129]-135. 504 $aBibliografia in nota. 650 4$aDiritto romano.$0(OLS)http://pul/subject/382 650 4$aDiritto civile.$0(OLS)http://pul/subject/2145 830 0$aFondazione Guglielmo Castelli ;$v9.$0(OLS)http://pul/title/1311 850 $aPUL 852 $aPUL$W1$xDP2 Diritto e Scienze Sociali 1$y65$m189 B 6$j18799$nBK-PRI$qStampati$B18799$CPULBib$Z2$F18799 $82 941 1 $a8 960 $aRoman law$9382 960 $aRoman law$9382 961 $aEx libris: Salvator Riccobono.Timbri: Bibliotheca Pia Pont. Seminarii Romani. 996 $6245$aL'acquisto della proprietà per "litis aestimatio" nel processo civile romano$9(OLS)http://pul/title/19245 996 $6260$aMilano :$bA. Giuffrè$9(OLS)http://pul/publisher/48096 LEADER 01370nam a2200301 u 4500 001 000000086575 003 CaOOAMICUS 005 20070226124320.0 008 051003s1946 it u000 u ita u 035 $a11061131 040 $aPUL(R)$bita 041 1 $aita$alat 100 0 $aDante Alighieri,$d1265-1321.$0(OLS)http://pul/name/5386 240 10$aDe monarchia$9(Dante Alighieri, 1265-1321).$0(OLS)http://pul/title/23525 245 10$aMonarchia /$cDante Alighieri ; versione col testo a fronte, introduzione e commento di Angelo Camillo Volpe. 260 $aModena :$bSocietà Tipografica Modenese,$c1946. 300 $a202 p. ;$c28 cm 490 1 $aStudi e testi 500 $aIn testa al front. : Istituto di filologia romanza della R. Università di Roma. 546 $aTesto in italiano e latino. 700 1 $aVolpe, Angelo Camillo.$0(OLS)http://pul/name/56616 830 0$aStudi e testi / Istituto di filologia romanza della Università di Roma.$0(OLS)http://pul/title/112149 850 $aPUL 852 $aPUL$W1$xDP1 Fondo Cecchetti$y53$m295 F 21$j109917$nBK-PRI$b $qFondi$B109917$CPULBib$Z2$F109917 $HPUL4062 $81 900 $aAlighieri, Dante,$d1265-1321$95386 941 1 $a1 996 $6245$aMonarchia$9(OLS)http://pul/title/23526 996 $6260$aModena :$bSocietà Tipografica Modenese$9(OLS)http://pul/publisher/51209